| 000 | 00417nam a2200157 i 4500 | ||
|---|---|---|---|
| 001 | 44578 | ||
| 003 | ES-MaACL | ||
| 005 | 20230906161046.0 | ||
| 007 | t| | ||
| 008 | 030321s1973 sp ||||1| spa d | ||
| 100 | 1 |
_aCebrián, Julio. _937297 |
|
| 245 | 1 | 0 |
_aEn un periquete / _cJulio Cebrián. |
| 260 |
_aBarcelona : _bPlaneta, _c[1973] |
||
| 300 |
_a221 p. : _bil. ; _c21 cm. |
||
| 852 |
_aES-MaACL _jC-54912 _bR.87492 |
||
| 999 |
_c44578 _d44578 |
||